000 00701nam a2200205Ia 4500
003 GCL
008 140319s9999 xx 000 0 ara d
040 _aGCL /
_cGCL
082 0 4 _a109
_bا د
100 1 _aابراهيم مدكور
245 1 0 _aدراسات فلسفية : مهداة الى روح عثمان امين /
_cابراهيم مدكور
250 _aالاولى
260 _aالقاهرة :
_bدار الثقافة للنشر والتوزيع ،
_c1979
300 _a489+14ص ؛
_c24سم
650 0 4 _aالفلسفة
650 0 4 _aالفلسفة الحديثة
650 0 4 _aفلسفة العصور الوسطى
650 0 4 _aالفلسفة القديمة
942 _2ddc
_cBK
999 _c31191
_d31191